| 000 | 00611nam a2200205 a 4500 | ||
|---|---|---|---|
| 005 | 20210219150408.0 | ||
| 008 | 991125s1992 bar 000 0 spa u | ||
| 020 | _a8423321134 | ||
| 035 | _aUPN01000013391 | ||
| 049 | _aCG | ||
| 050 | 4 | _aND450 L428 | |
| 100 | 1 | _aLevey, Michael | |
| 245 | 1 | 0 |
_aDe Giotto a Cézanne : _bbreve historia de la pintura / _cMichael Levey ; tr. Hugo Mariani |
| 260 |
_aBarcelona, Esp. : _bDestino$bThames and Hudson, _c1992 |
||
| 300 |
_a323 p. : _bil. col |
||
| 440 | 3 |
_aEl mundo del arte; _v12 |
|
| 650 | 4 |
_aPINTURA EUROPEA- _xHISTORIA |
|
| 904 |
_aAC _b013392 |
||
| 905 | _aLibro | ||
| 999 |
_c13391 _d13391 |
||